[Event "NRW Sportland Cup Masters"]
[Site "Senden"]
[Date "1998.10.11"]
[Round "4"]
[White "Espig, Lutz"]
[Black "Handke, Florian"]
[Result "1-0"]
[WhiteElo "2440"]
[BlackElo "2310"]

1.Nf3 c5 2.c4 Nf6 3.Nc3 e6 4.g3 b6 5.Bg2 Bb7 6.O-O a6 7.d4 cxd4 8.Qxd4 d6
9.Rd1 Nbd7 10.b3 Be7 11.e4 Qc8 12.Bb2 O-O 13.h3 Rd8 14.Qe3 Qc7 15.Rac1 Rac8
16.Nd2 Qb8 17.Qe2 Re8 18.f4 Qa8 19.e5 dxe5 20.Bxb7 Qxb7 21.fxe5 Nxe5 22.Qxe5 Rc5
23.Qe2 Rg5 24.Nce4 Nxe4 25.Nxe4 Rg6 26.Kh2 Qc7 27.Rd3 f5 28.Nd2 Bd6 29.Rxd6 Qxd6
30.Be5 Qd7 31.Nf3 Rd8 32.b4 Qa4 33.c5 bxc5 34.bxc5 Rc8 35.Qc4 Qc6 36.Nh4 Rg5
37.Rd1 f4 38.gxf4 Rh5 39.Rd6 Qe8 40.Nf3 Rh6 41.c6 Qh5 42.Ng5 Qh4 43.Qd4  1-0

[Event "NRW Sportland Cup Masters"]
[Site "Senden"]
[Date "1998.10.13"]
[Round "6"]
[White "Lingnau, Carsten"]
[Black "Handke, Florian"]
[Result "1/2-1/2"]
[WhiteElo "2395"]
[BlackElo "2310"]

1.Nf3 c5 2.c4 Nf6 3.Nc3 e6 4.g3 b6 5.Bg2 Bb7 6.O-O a6 7.Re1 d6 8.e4 Nbd7
9.b3 Be7 10.d4 cxd4 11.Nxd4 Qc7 12.Bb2 O-O 13.Rc1 Rac8 14.f4 Rfe8 15.Rc2 Bf8
16.h3 g6 17.Kh2 Qb8 18.Rd2 Rcd8 19.Qe2 Bg7 20.Rdd1 e5 21.fxe5 Rxe5 22.Qf2 Nc5
23.Rf1 Rf8 24.Nc2 Nfxe4 25.Nxe4  1/2-1/2

[Event "New York Manhattan"]
[Site "New York"]
[Date "1998.10.14"]
[Round "7"]
[White "Vulicevic, Nenad"]
[Black "Bonin, Jay R"]
[Result "1-0"]
[WhiteElo "2370"]
[BlackElo "2405"]

1.Nf3 Nf6 2.c4 c5 3.Nc3 g6 4.g3 Bg7 5.Bg2 Nc6 6.O-O O-O 7.d4 cxd4 8.Nxd4 Nxd4
9.Qxd4 d6 10.Qh4 Qb6 11.b3 Be6 12.Bh6 Rfd8 13.Rad1 Bxh6 14.Qxh6 a6 15.Rd3 Rab8
16.h3 Qb4 17.Qd2 b5 18.cxb5 axb5 19.Ne4 Qxd2 20.Nxf6+ exf6 21.Rxd2 b4 22.Rc1 Rb6
23.f4 f5 24.Rc6 Rxc6 25.Bxc6 Kf8 26.Rd4 Rc8 27.Bf3 Rc2 28.Rxb4 Rxa2 29.Rb7 Rb2
30.b4 Bc4 31.Kf2 d5 32.Ke3 Kg7 33.Kd4 Rc2 34.b5 Bxe2 35.Bxe2 Rxe2 36.Kxd5 Re3
37.Rc7 Rxg3 38.b6 Rxh3 39.b7 Rb3 40.Kc6 g5 41.fxg5 Kg6 42.Rc8 Kxg5 43.b8=Q Rxb8
44.Rxb8 f4 45.Kd5 Kg4 46.Ke4 f5+ 47.Kd3 Kf3 48.Rf8 h5 49.Rxf5 h4 50.Rh5 Kg4
51.Rh8  1-0

[Event "SWE-chT 9899"]
[Site "Sweden"]
[Date "1998.10.16"]
[Round "1"]
[White "Lyrberg, Patrik"]
[Black "Akesson, Ralf"]
[Result "1/2-1/2"]
[WhiteElo "2415"]
[BlackElo "2510"]

1.c4 c5 2.Nc3 e6 3.Nf3 Nf6 4.d4 cxd4 5.Nxd4 a6 6.e3 b6 7.Be2 Bb7 8.O-O Qc7
9.Bf3 Nc6 10.Nxc6 Bxc6 11.b3 Rb8 12.Bxc6 Qxc6 13.Bb2 Be7 14.Rc1 O-O 15.Qe2 Qb7
16.Nb1 Rfc8 17.Rc2 Rc7 18.Nd2 Rbc8 19.Rfc1 b5 20.Qd3 h6 21.Be5 Rc6 22.h3 d5
23.cxb5 axb5 24.Bxf6 Bxf6 25.a4 bxa4 26.bxa4 Rxc2 27.Rxc2 Ra8 28.Ra2 Qb4
29.Qc2 Bc3 30.Nb3 Rb8 31.Nd2 d4 32.exd4 Qxd4 33.Nf3 Qd5 34.Ra3 Ba5 35.Rd3 Qb7
36.Rd1 Rc8 37.Qa2 Qe4 38.Qb3 Rc2 39.Nd4 Rc3 40.Qb5 Qd5 41.Qxd5 exd5 42.Nf5 Ra3  1/2-1/2

[Event "SWE-chT 9899"]
[Site "Sweden"]
[Date "1998.10.18"]
[Round "3"]
[White "Agrest, Evgenij"]
[Black "Aagaard, Jacob"]
[Result "1-0"]
[WhiteElo "2545"]
[BlackElo "2420"]

1.Nf3 Nf6 2.c4 c5 3.Nc3 d5 4.cxd5 Nxd5 5.d4 Nxc3 6.bxc3 g6 7.e4 Bg7 8.Rb1 O-O
9.Be2 Nc6 10.d5 Ne5 11.Nxe5 Bxe5 12.Qd2 e6 13.f4 Bc7 14.O-O exd5 15.exd5 Ba5
16.Rb3 b6 17.Qd3 c4 18.Qxc4 Bf5 19.Qd4 Re8 20.Bb5 Re4 21.Qd1 Rc8 22.Bb2 Rc5
23.c4 Qc8 24.d6 a6 25.d7 Qd8 26.Bf6  1-0

[Event "Wch U18 Girls"]
[Site "Oropesa del Mar"]
[Date "1998.11.02"]
[Round "7"]
[White "Reizniece, Dana"]
[Black "Xu Yuanyuan"]
[Result "0-1"]
[WhiteElo "2170"]
[BlackElo "2240"]

1.Nf3 Nf6 2.c4 c5 3.Nc3 d5 4.cxd5 Nxd5 5.g3 Nc6 6.Bg2 Nc7 7.O-O e5 8.d3 Be7
9.Nd2 Bd7 10.Nc4 f6 11.f4 b5 12.Ne3 exf4 13.gxf4 O-O 14.Ned5 Rb8 15.Nxc7 Qxc7
16.Nd5 Qc8 17.Be3 Bh3 18.Bxh3 Qxh3 19.Nxe7+ Nxe7 20.Bxc5  0-1

[Event "GER-ch"]
[Site "Bremen"]
[Date "1998.11.06"]
[Round "1"]
[White "Zeller, Frank"]
[Black "Wahls, Matthias"]
[Result "1/2-1/2"]
[WhiteElo "2445"]
[BlackElo "2605"]

1.c4 Nf6 2.Nc3 c5 3.Nf3 e6 4.g3 b6 5.Bg2 Bb7 6.O-O d6 7.d4 cxd4 8.Qxd4 a6
9.Be3 Nbd7 10.Nd2 Bxg2 11.Kxg2 Qc7 12.Nde4 Be7 13.Rfd1 O-O 14.Nxd6 Rfd8 15.b4 a5
16.bxa5 Nc5 17.Ncb5 Qc6+ 18.f3 Rxa5 19.Qf4 h6 20.Bxc5 bxc5 21.e4 g5 22.Qd2 Ra6
23.e5 Nd7 24.Qe3 g4 25.Rf1 Nxe5 26.Qxe5 Bxd6 27.Qf6 Raa8 28.Rad1 Rd7  1/2-1/2

[Event "ISR-ch"]
[Site "Ramat Aviv"]
[Date "1998.11.08"]
[Round "1.2"]
[White "Psakhis, Lev"]
[Black "Vydeslaver, Alik"]
[Result "1/2-1/2"]
[WhiteElo "2560"]
[BlackElo "2405"]

1.Nf3 Nf6 2.c4 c5 3.Nc3 d5 4.cxd5 Nxd5 5.g3 g6 6.Qa4+ Nc6 7.Bg2 Bg7 8.O-O Nc7
9.d3 O-O 10.Qh4 Ne6 11.Ng5 Nxg5 12.Bxg5 Re8 13.Bxc6 bxc6 14.Qc4 Qa5 15.Be3 Qb4
16.Qxc5 Qxb2 17.Bd4 Bxd4 18.Qxd4  1/2-1/2

[Event "ISR-ch"]
[Site "Ramat Aviv"]
[Date "1998.11.08"]
[Round "1.2"]
[White "Ribshtein, Nati"]
[Black "Manor, Ilan"]
[Result "1/2-1/2"]
[WhiteElo "2290"]
[BlackElo "2515"]

1.Nf3 Nf6 2.c4 e6 3.Nc3 c5 4.g3 b6 5.Bg2 Bb7 6.O-O Be7 7.Re1 d6 8.e4 a6 9.d4 cxd4
10.Nxd4 Qc7 11.Be3 Nbd7 12.Rc1 O-O 13.f4 Rfe8 14.f5 Bf8 15.fxe6 fxe6 16.b3 Ne5
17.Kh1 g6 18.Bg1 Re7 19.Nf3 Nxf3 20.Bxf3 Nd7 21.Bg2 Rf7 22.Qd2 Rd8 23.Red1 Rc8
24.Be3 Re8 25.Bf4 Ne5 26.h3 Qb8 27.Rf1 Bc6 28.Ne2 Qa8 29.Qe3 Bg7 30.Rcd1 Rd7
31.Rfe1 Qb8 32.Nd4 Ba8 33.Nf3 Nxf3 34.Bxf3 e5 35.Bg5 Rf7 36.Bg2 Bf6 37.Bh6 Bg7
38.Bg5 Bf6 39.Bh6 Bg7 40.Bxg7 Kxg7 41.Qd3 Rf6 42.c5 dxc5 43.Qxa6 Re7 44.Rd2 Bb7
45.Qd3 Bc6 46.Qe3 Rd6 47.Rf2 Qd8 48.Qf3 Red7 49.Qc3  1/2-1/2

[Event "Donetzk zt"]
[Site "Donetsk"]
[Date "1998.11.09"]
[Round "7"]
[White "Komarov, Dimitri"]
[Black "Kopylov, Mihail"]
[Result "1-0"]
[WhiteElo "2570"]
[BlackElo "2385"]

1.Nf3 Nf6 2.c4 c5 3.Nc3 e6 4.g3 b6 5.Bg2 Bb7 6.O-O Be7 7.Re1 d6 8.e4 Nbd7
9.d4 cxd4 10.Nxd4 Qc7 11.Be3 a6 12.f4 Rc8 13.Bf2 O-O 14.Rc1 Qb8 15.e5 Ne8
16.Ne4 Nc5 17.exd6 Nxd6 18.Nxd6 Bxd6 19.b4 Bxg2 20.Kxg2 Qa8+ 21.Nf3 Nb7 22.Qb3 a5
23.a3 Bc7 24.c5 a4 25.Qb1 bxc5 26.bxc5 Na5 27.Qe4 Qxe4 28.Rxe4 Nb3 29.Rcc4 Bb8
30.Rc2 Bd6 31.Rxa4 Nxc5 32.Rac4 Rc7 33.Bxc5 Rfc8 34.Bxd6 Rxc4 35.Rxc4 Rxc4
36.Kf2 Rc2+ 37.Ke3 f6 38.Nd2 Kf7 39.Kd3 Ra2 40.Bb4 e5 41.f5 g6 42.g4 Kg7
43.Ke4 h5 44.gxh5 gxh5 45.h4 Ra1 46.Kd5 Kf7 47.Ne4 Rd1+ 48.Bd2 Ra1 49.Nd6+ Ke7
50.Nc4 Rh1 51.Bb4+ Kd7 52.Nd2 Rh3 53.Ne4 Rd3+ 54.Kc5 Rd4 55.Nxf6+ Ke7 56.Nxh5 Kf7
57.Ng3 Kf6 58.a4 Rg4 59.Nf1 Rxh4 60.Ne3 Rd4 61.a5 Rd3 62.a6  1-0

[Event "Budapest FS11 IM-B"]
[Site "Budapest"]
[Date "1998.11.11"]
[Round "5"]
[White "Pham Minh Hoang"]
[Black "Wunnink, Michael"]
[Result "1-0"]
[WhiteElo "2245"]
[BlackElo "2105"]

1.c4 c5 2.Nc3 Nf6 3.Nf3 e6 4.e4 Nc6 5.Be2 a6 6.O-O Qc7 7.d4 cxd4 8.Nxd4 Nxd4
9.Qxd4 Bc5 10.Qd3 O-O 11.Bg5 b6 12.Rad1 Be7 13.f4 d6 14.Bxf6 Bxf6 15.Qxd6 Qxd6
16.Rxd6 Bb7 17.Bf3 Rac8 18.e5 Be7 19.Bxb7 Bxd6 20.exd6 Rxc4 21.Rd1 Rd8 22.g3 b5
23.Bxa6 Rc6 24.Bxb5 Rcxd6 25.Rxd6 Rxd6 26.a4 Rd8 27.a5 Ra8 28.b4 Kf8 29.Bc6  1-0

[Event "SLO-chT"]
[Site "Bled"]
[Date "1998.11.12"]
[Round "6"]
[White "Polajzer, Danilo"]
[Black "Mazi, Leon"]
[Result "0-1"]
[WhiteElo "2420"]
[BlackElo "2415"]

1.Nf3 Nf6 2.c4 e6 3.Nc3 c5 4.g3 Be7 5.Bg2 d6 6.O-O O-O 7.d4 cxd4 8.Nxd4 a6
9.b3 Qc7 10.Bb2 Nbd7 11.Rc1 Re8 12.Qd2 Rb8 13.Rfd1 Bf8 14.a4 Qa5 15.Ba3 Qh5
16.h4 Nc5 17.b4 Ncd7 18.a5 Ne5 19.Na4 d5 20.Nb6 Nxc4 21.Nxc4 dxc4 22.Rxc4 e5
23.Nf3 e4 24.Ng5 e3 25.fxe3 Qg6 26.Bb2 h6 27.Bxf6 gxf6 28.Nf3 Qxg3 29.Qe1 Qxe1+
30.Nxe1 Be6 31.Rc7 Bxb4 32.Bxb7 Bxa5 33.Rc6 Rxb7 34.Rxa6 Bxe1 35.Rxe1 Rb4
36.h5 Rb5  0-1

[Event "AUT-chT2O 9899"]
[Site "AUT"]
[Date "1998.11.14"]
[Round "3"]
[White "Sommerbauer, Norbert"]
[Black "Plachetka, Jan"]
[Result "1/2-1/2"]
[WhiteElo "2390"]
[BlackElo "2425"]

1.Nf3 c5 2.c4 Nf6 3.Nc3 e6 4.g3 b6 5.Bg2 Bb7 6.O-O Be7 7.Re1 d5 8.cxd5 exd5
9.d4 O-O 10.Bf4 Re8 11.dxc5 bxc5 12.Nh4 Qd7 13.Rc1 Na6 14.Qa4 Qc8 15.Qb3 c4
16.Qd1 Rd8 17.Nf3 d4 18.Nb5 Bb4 19.Rf1 d3 20.b3 Qe6 21.Nfd4 Qxe2 22.Qxe2 dxe2
23.Nxe2 Bxg2 24.Kxg2 cxb3 25.axb3 Nc5 26.Rc4 a5 27.Ned4 Nd3 28.Bg5 Rdc8 29.Rxc8+ Rxc8
30.Bxf6 gxf6 31.Rd1 Ne5 32.h3 Rc5 33.f4 Ng6 34.Kf3 h5 35.Rd3 Rc1 36.Nf5 Rc5
37.Nbd6 Nf8 38.Nh6+ Kg7 39.Nhf5+ Kg6 40.Nh4+ Kg7 41.Nhf5+ Kg8 42.g4 hxg4+
43.hxg4 Rc3 44.Rxc3 Bxc3 45.Ne4 Bb2 46.Ne7+ Kg7 47.Nc6 Ne6 48.Nxa5 Nd4+ 49.Kg2 f5
50.gxf5 Nxf5 51.Nc4 Bc1 52.Ng3 Nd4 53.b4 Kf6 54.Ne4+  1/2-1/2

[Event "Budapest FS11 IM-B"]
[Site "Budapest"]
[Date "1998.11.14"]
[Round "8"]
[White "Vadasz, Laszlo"]
[Black "Wunnink, Michael"]
[Result "1-0"]
[WhiteElo "2350"]
[BlackElo "2105"]

1.Nf3 c5 2.c4 Nf6 3.Nc3 e6 4.g3 b6 5.Bg2 Bb7 6.O-O a6 7.b3 d6 8.Bb2 Be7 9.e3 O-O
10.d4 Ra7 11.d5 exd5 12.Nxd5 Nxd5 13.cxd5 f5 14.Ne1 Bf6 15.Bxf6 Qxf6 16.Nd3 b5
17.a4 c4 18.Nf4 cxb3 19.Qxb3 Nd7 20.axb5 Nc5 21.Qb4 Rfa8 22.Ra5 axb5 23.Rxa7 Rxa7
24.Qxb5 Ra8 25.Rd1 Ba6 26.Qb6 Bc4 27.h4 h6 28.h5 Bb3 29.Rb1 Bc2 30.Rc1 Be4
31.Bxe4 fxe4 32.Qc6 Rf8 33.Rb1 Nd3 34.Qd7 Nxf4 35.exf4 Rd8 36.Qe6+ Qxe6 37.dxe6 d5
38.Rb7 Kf8 39.e7+  1-0

[Event "BL2-O9899"]
[Site "Germany"]
[Date "1998.11.22"]
[Round "2.1"]
[White "Roth, Norbert"]
[Black "Womacka, Mathias"]
[Result "0-1"]
[WhiteElo "2290"]
[BlackElo "2475"]

1.c4 c5 2.Nc3 Nf6 3.Nf3 e6 4.d4 cxd4 5.Nxd4 Bb4 6.g3 O-O 7.Bg2 d5 8.Qb3 Bxc3+
9.bxc3 dxc4 10.Qxc4 e5 11.Nb5 a6 12.Nc7 b5 13.Qd3 Ra7 14.Nd5 Nxd5 15.Qxd5 Qxd5
16.Bxd5 Bb7 17.Bxb7 Rxb7 18.a4 Rc8 19.axb5 Rxb5 20.O-O Rxc3 21.Rd1 f6 22.Be3 Rc7
23.f4 Kf7 24.fxe5 fxe5 25.Rd8 Rb2 26.Rf1+ Ke6 27.Re8+ Re7 28.Rc8 Kd5 29.Bc1 Rb1
30.Rd1+ Ke6 31.e4 a5 32.Rc5 Ra7 33.Rdd5 Nd7 34.Rc6+ Kf7 35.Kg2 a4 36.Ba3 Rb3
37.Rcd6 Nf6 38.Rd3 Nxe4 39.Rf3+ Rxf3  0-1

[Event "Oberliga Sued W9899"]
[Site "Wuertemberg"]
[Date "1998.11.29"]
[Round "3"]
[White "Jurek, Josef"]
[Black "Berezovsky, Igor"]
[Result "1-0"]
[WhiteElo "2390"]
[BlackElo "2375"]

1.Nf3 Nf6 2.c4 c5 3.Nc3 d5 4.cxd5 Nxd5 5.g3 Nc6 6.Bg2 Nc7 7.a3 e5 8.b4 Bd6
9.bxc5 Bxc5 10.Bb2 f5 11.Na4 Bd6 12.d4 e4 13.Ne5 O-O 14.O-O Qe7 15.Nxc6 bxc6
16.Qc2 Rb8 17.Nc5 Nd5 18.e3 Bxc5 19.dxc5 Ba6 20.Rfc1 Bd3 21.Qd2 g5 22.Bd4 Qe6
23.Re1 Rb3 24.Qa5 Qd7 25.Qd2 h6 26.Ra2 Kh7 27.f3 Qe7 28.fxe4 Bxe4 29.Bf1 Rfb8
30.Rb2 Rxb2 31.Bxb2 Qxc5 32.Bd4 Qe7 33.Qa5 Rb3 34.Bc5 Qd7 35.Bxa7 Rb2 36.Bd4 Ra2
37.Qa8 Qf7 38.Rc1 Ne7 39.Bc4 Rg2+ 40.Kf1 Bd5  1-0

[Event "ROM-ch (Women)"]
[Site "Sovata"]
[Date "1998.12.04"]
[Round "1"]
[White "Olarasu, Gabriela"]
[Black "Caravan, Mariana"]
[Result "1-0"]
[WhiteElo "2325"]
[BlackElo "2125"]

1.Nf3 c5 2.c4 Nf6 3.Nc3 e6 4.g3 b6 5.Bg2 Bb7 6.O-O Be7 7.Re1 O-O 8.e4 d6
9.d4 cxd4 10.Nxd4 Qc8 11.b3 a6 12.Bb2 Nbd7 13.Rc1 Qc7 14.Nc2 Rac8 15.Ne3 Qb8
16.g4 h6 17.f4 Rfd8 18.h4 Bf8 19.g5 hxg5 20.hxg5 Ne8 21.g6 Nef6 22.gxf7+ Kxf7
23.f5 exf5 24.exf5 Bxg2 25.Nxg2 Re8 26.Nd5 Rxe1+ 27.Nxe1 Qb7 28.Nxf6 Nxf6
29.Nf3 Qe4 30.Ng5+  1-0

[Event "Sonnevanck 7th"]
[Site "Wijk aan Zee"]
[Date "1998.12.07"]
[Round "6"]
[White "Friedman, Aviv"]
[Black "Drazic, Sinisa"]
[Result "1/2-1/2"]
[WhiteElo "2370"]
[BlackElo "2495"]

1.Nf3 c5 2.c4 Nf6 3.Nc3 b6 4.e4 d6 5.d4 cxd4 6.Nxd4 Bb7 7.Nd5 e6 8.Nxf6+ gxf6
9.Bd3 h5 10.O-O Nc6 11.Nxc6 Bxc6 12.a4 Be7 13.a5 bxa5 14.Bd2 a4 15.Bc2 Kf8
16.Re1 Qb6 17.Bc3 Qc5 18.Qe2 Rg8 19.Bxa4 Bb7 20.Bc2 Bd8 21.Qd2 Ke7 22.Bb4 Qc6
23.Ba4 Qb6 24.Rac1 Rg5 25.c5 dxc5 26.Rxc5 Rxc5 27.Rc1 Rc8 28.Rxc5 Rxc5 29.Qd4 Qxb4
30.Qxb4 Bb6 31.Bd1 Ke8 32.h4 Bc6 33.Ba4 Bxa4 34.Qxa4+ Ke7 35.Kh2 Kf8 36.Qd1 Kg7
37.f4 Rb5 38.Qe2 Rb4 39.g3 Kh6 40.f5 Rd4 41.Qe3+ Kg7 42.Qf3 Rd2+ 43.Kh1 exf5
44.exf5 Rxb2 45.Qxh5 Rb4 46.Kg2 Rb2+ 47.Kf1 Rb1+ 48.Ke2 Rb2+ 49.Kd1 Rb4 50.Qf3 Bc7
51.Qc3 Bd6 52.Qd2 Bc5 53.Kc2 Rc4+ 54.Kb1 Rg4 55.Qd5 Be3 56.Qf3 Rb4+ 57.Kc2 Bh6
58.g4 Bf4 59.g5 Be5 60.Qh5 Rc4+ 61.Kb3 Rc3+ 62.Ka4 Kg8 63.Qh6 Rc6 64.g6 Ra6+
65.Kb5 Rb6+ 66.Kc4 fxg6 67.Qxg6+ Kh8 68.Qe8+ Kg7 69.Qe7+ Kh8 70.Qxa7 Rc6+
71.Kd5 Rd6+ 72.Ke4 Rd8 73.h5 Rc8 74.h6 Rc7 75.Qg1 Rd7 76.Qg6 Ra7 77.Qe8+ Kh7
78.Kd5 Rb7 79.Qg6+ Kh8 80.Qg2 Re7 81.Qg1 Kh7 82.Qg6+ Kh8 83.h7 Rd7+ 84.Ke6 Rd8
85.Qf7 Ra8 86.Kd5 Rd8+ 87.Ke4 Rd4+ 88.Kf3 Rd3+ 89.Ke2 Rg3 90.Kf2 Rg5 91.Ke3 Rg7
92.Qe8+ Kxh7 93.Qh5+ Kg8 94.Qe8+  1/2-1/2

[Event "Skopje op"]
[Site "Skopje"]
[Date "1998.12.15"]
[Round "4"]
[White "Ljangov, Petar"]
[Black "Kocovski, Ivan"]
[Result "1/2-1/2"]
[WhiteElo "2255"]
[BlackElo "2290"]

1.Nf3 Nf6 2.c4 c5 3.Nc3 b6 4.g3 Bb7 5.Bg2 e6 6.O-O Be7 7.Re1 O-O 8.e4 Nc6
9.d3 a6 10.h3 d6 11.Nh2 Qc7 12.f4 b5 13.Nf3 bxc4 14.dxc4 Rfd8 15.Qe2 Nd4
16.Qf2 d5 17.exd5 exd5 18.Nxd5 Nxd5 19.cxd5 Bxd5 20.Nxd4 cxd4 21.Bxd5 Rxd5
22.Qf3 Rad8 23.Qd3 Qb7 24.Bd2 Bf8 25.b3 h6 26.Rac1 Rc8  1/2-1/2

[Event "GRE-ch 48th"]
[Site "Athens"]
[Date "1998.12.17"]
[Round "5"]
[White "Halkias, Stelios"]
[Black "Mastrovasilis, Athanasios"]
[Result "0-1"]
[WhiteElo "2435"]
[BlackElo "2315"]

1.Nf3 Nf6 2.c4 c5 3.Nc3 b6 4.e4 d6 5.g3 Bb7 6.d3 g6 7.Bg2 Bg7 8.O-O O-O 9.Nh4 Nc6
10.f4 Nd7 11.f5 e6 12.Ne2 Qe7 13.Nf3 Nde5 14.Nxe5 dxe5 15.g4 Rfd8 16.Ng3 Nb4
17.Rf3 Qd6 18.Bf1 Qd4+ 19.Kh1 exf5 20.gxf5 gxf5 21.Qe2 fxe4 22.dxe4 Qd1 23.Qg2 Rd6
24.Nf5 Rg6 25.Ne7+ Kf8 26.Nxg6+ hxg6 27.Bh6 Qd6 28.Bxg7+ Kxg7 29.Be2 Bxe4
30.a3 Nc6 31.Rxf7+ Kxf7 32.Qxe4 Rf8 33.Rg1 Nd4 34.Bd3 Nf5 35.Qb7+ Qe7 36.Qc6 Qf6
37.Qd7+ Kg8 38.Be4 a6 39.Bxf5 Qxf5 40.Qxf5  0-1

[Event "Groningen op"]
[Site "Groningen"]
[Date "1998.12.20"]
[Round "11"]
[White "Reinderman, Dimitri"]
[Black "Almasi, Istvan"]
[Result "1/2-1/2"]
[WhiteElo "2540"]
[BlackElo "2450"]

1.c4 c5 2.Nf3 Nf6 3.Nc3 b6 4.e4 d6 5.d4 cxd4 6.Nxd4 Bb7 7.f3 e6 8.Be2 Be7
9.O-O O-O 10.Be3 a6 11.Qd2 Nbd7 12.Rfd1 Rc8 13.Rac1  1/2-1/2

[Event "Carlos Torre op 11th"]
[Site "Merida"]
[Date "1998.12.21"]
[Round "8"]
[White "Dounce, Carlos"]
[Black "Soto, Fidel"]
[Result "0-1"]
[WhiteElo "2045"]
[BlackElo "2170"]

1.c4 Nf6 2.Nc3 c5 3.Nf3 e6 4.d4 cxd4 5.Nxd4 d6 6.e4 Be7 7.Be2 O-O 8.Be3 Nc6
9.O-O e5 10.Nc2 a6 11.f3 Be6 12.Nd5 Bxd5 13.cxd5 Nb8 14.Qd2 Nbd7 15.b4 Rc8
16.Rfc1 Nh5 17.Na3 Nf4 18.Nc4 Nxe2+ 19.Qxe2 f5 20.Na5 Rxc1+ 21.Rxc1 fxe4
22.fxe4 Nf6 23.Nxb7 Qa8 24.Na5 Nxe4 25.Rc6 Nf6 26.Rxa6 Qxd5 27.Nc6 Re8 28.b5 Qe4
29.Ra7 Bf8 30.h3 Nd5 31.Kf2 Nc3 32.Qh5 Nd5 33.Qf7+ Kh8 34.Qf3 Qc2+ 35.Kg3 Nf6
36.Kh2 Qd3 37.Bg5 Qxf3 38.gxf3 d5 39.Bxf6 gxf6 40.Rf7 e4 41.fxe4 dxe4 42.Kg2 e3
43.Kf1 e2+ 44.Ke1 Bc5 45.Nd4 Bb4+  0-1

[Event "Rilton Cup 9899"]
[Site "Stockholm"]
[Date "1998.12.28"]
[Round "1"]
[White "Kharitonov, Andrei Y"]
[Black "Ballo, Emanuel"]
[Result "1-0"]
[WhiteElo "2570"]
[BlackElo "2200"]

1.Nf3 c5 2.c4 Nf6 3.Nc3 b6 4.e3 e6 5.d4 cxd4 6.exd4 d5 7.Ne5 a6 8.cxd5 Nxd5
9.Qa4+ Bd7 10.Nxd7 Nxd7 11.Nxd5 exd5 12.Bxa6 Bd6 13.O-O O-O 14.Qc6 Qb8 15.Qxd7 Rxa6
16.h3 Rd8 17.Qb5 Qa7 18.Bg5 Ra5 19.Qc6 Rd7 20.Rfe1 h6 21.Re8+ Kh7 22.Qc2+  1-0

[Event "Lohmar 9899"]
[Site "Lohmar"]
[Date "1998.12.30"]
[Round "5"]
[White "Lamprecht, Mark"]
[Black "Krallmann, Matthias"]
[Result "0-1"]
[WhiteElo "2150"]
[BlackElo "2285"]

1.c4 c5 2.Nc3 Nf6 3.Nf3 e6 4.g3 b6 5.Bg2 Bb7 6.O-O a6 7.b3 d6 8.Bb2 Be7 9.e3 Qc7
10.Rc1 O-O 11.Qe2 Re8 12.d4 Nbd7 13.Rfd1 cxd4 14.exd4 Bf8 15.Qd2 Ne4 16.Nxe4 Bxe4
17.Ne1 Bxg2 18.Nxg2 Qb7 19.Ba3 Rac8 20.Nf4 b5 21.cxb5 axb5 22.Rxc8 Rxc8 23.Rc1 Rxc1+
24.Bxc1 Nf6 25.Qc2 b4 26.a4 bxa3 27.Bxa3 Ne4 28.Qd3 Qa8 29.Bb2 d5 30.Qc2 Qb7
31.Nd3 Qb5 32.Kg2 g6 33.Ne5 Qb7 34.f3 Nd6 35.Nd3 Nf5 36.Kh3 Bg7 37.Ne5 Qa6
38.Qd3 Qxd3 39.Nxd3 Nxd4 40.Bxd4 Bxd4 41.f4 f6 42.g4 Kf7 43.Kg3 e5 44.f5 Ke7
45.fxg6 hxg6 46.h4 e4 47.Nb4 Be5+ 48.Kf2 Kd6 49.h5 gxh5 50.gxh5 f5 51.h6 Kc5
52.Nc2 f4 53.h7 d4 54.Na3 d3 55.Nc4 Bd4+ 56.Ke1 Bc3+ 57.Kf2 Bd4+ 58.Ke1 e3
59.Kd1 e2+ 60.Ke1 f3  0-1

[Event "Rilton Cup 9899"]
[Site "Stockholm"]
[Date "1998.12.30"]
[Round "3"]
[White "Sammalvuo, Tapani"]
[Black "Ulibin, Mikhail"]
[Result "0-1"]
[WhiteElo "2410"]
[BlackElo "2555"]

1.Nf3 c5 2.c4 Nf6 3.Nc3 e6 4.g3 b6 5.Bg2 Bb7 6.O-O Be7 7.d4 cxd4 8.Qxd4 d6
9.Bg5 a6 10.Bxf6 Bxf6 11.Qd3 Ra7 12.Rfd1 Be7 13.Ne4 O-O 14.Qe3 Qc7 15.Rac1 Nd7
16.b4 Qb8 17.Neg5 h6 18.Ne4 Rc8 19.Qf4 Bxe4 20.Qxe4 Rac7 21.Nd4 b5 22.Qe3 Bg5
23.f4 Bf6 24.c5 Bxd4 25.Rxd4 dxc5 26.Rd6 Nb6 27.Qf2 Ra7 28.Rcd1 Nc4 29.Rd7 Rxd7
30.Rxd7 cxb4 31.Qd4 a5 32.Bb7 Rf8 33.Qc5 a4 34.Be4 b3 35.axb3 axb3 36.Qb4 Qb6+
37.Kg2 b2 38.Kh3 Qe3 39.Bd3 Qc1 40.Kh4 Ne3 41.Qxb5 Qg1  0-1

[Event "Rilton Cup 9899"]
[Site "Stockholm"]
[Date "1998.12.31"]
[Round "4"]
[White "Ehlvest, Jaan"]
[Black "Lindberg, Bengt"]
[Result "1-0"]
[WhiteElo "2620"]
[BlackElo "2305"]

1.Nf3 Nf6 2.c4 c5 3.Nc3 e6 4.g3 b6 5.Bg2 Bb7 6.O-O Be7 7.Re1 Ne4 8.Nxe4 Bxe4
9.d3 Bb7 10.e4 Nc6 11.d4 cxd4 12.Nxd4 Nxd4 13.Qxd4 O-O 14.Bf4 d6 15.Qd2 Qc8
16.b3 Rd8 17.Be3 Bc6 18.a4 Qb7 19.Bd4 a6 20.b4 e5 21.Be3 b5 22.cxb5 axb5
23.a5 d5 24.Bb6 Rd7 25.exd5 Bxd5 26.Rad1 Bxg2 27.Qxd7 Bxb4 28.Rxe5 Qxd7 29.Rxd7  1-0

[Event "Aarhus Masters op"]
[Site "Aarhus"]
[Date "1998.??.??"]
[Round "1"]
[White "Holst, Allan"]
[Black "Lindfeldt, Jan Magnus"]
[Result "1-0"]
[WhiteElo "2365"]
[BlackElo "2230"]

1.Nf3 c5 2.c4 Nf6 3.Nc3 d5 4.cxd5 Nxd5 5.g3 Nc6 6.Bg2 Nc7 7.O-O e5 8.d3 Be7
9.Nd2 h5 10.Nc4 h4 11.Be3 f6 12.Bxc6+ bxc6 13.Qa4 Qd7 14.f3 hxg3 15.hxg3 Nd5
16.Ne4 Nxe3 17.Nxe3 Rb8 18.Nc4 Rb4 19.Qc2 f5 20.Nf2 Qe6 21.Kg2 e4 22.a3  1-0

[Event "Bayern-ch Bank Hofmann 2nd"]
[Site "Bad Wiesse"]
[Date "1998.??.??"]
[Round "5"]
[White "Hoffmann, M."]
[Black "Nisipeanu, Liviu Dieter"]
[Result "1/2-1/2"]
[WhiteElo "2440"]
[BlackElo "2575"]

1.Nf3 Nf6 2.c4 c5 3.Nc3 e6 4.g3 b6 5.Bg2 Bb7 6.O-O Be7 7.Re1 d6 8.e4 a6 9.d4 cxd4
10.Nxd4 Qc7 11.Be3 O-O 12.Rc1 Nbd7 13.f4 h5 14.h3 Rfe8 15.Nd5 exd5 16.cxd5 Qb8
17.Nc6 Bxc6 18.dxc6 Nc5 19.c7 Qxc7 20.e5 dxe5 21.Bxa8 Rxa8 22.b4 Rd8 23.Qe2 e4
24.bxc5 Bxc5 25.Bxc5 bxc5 26.Red1 Rc8 27.Qe3 c4 28.Rc2 Qc6 29.Kh2 Qe6 30.Qd4 Qc6
31.Rdc1 Qa4 32.Rxc4 Qxa2+ 33.Kg1 Rxc4 34.Qxc4 Qd2 35.Qc3 Qd5 36.Qc4 Qd2 37.Qc3 Qe2
38.Re1 Qb5 39.g4 hxg4 40.hxg4 Qd7 41.Qg3 Nxg4 42.Rxe4 f5 43.Re2 Qd1+ 44.Qe1 Qd4+
45.Kg2 Qd5+ 46.Kg1 Qc5+ 47.Kg2 Qc6+ 48.Kg1 Nf6 49.Qa1 Qf3 50.Qxa6 Qxf4 51.Qe6+ Kh7
52.Rf2 Qg5+ 53.Kh1 Nh5 54.Rh2 Qc1+ 55.Kg2 Qd2+ 56.Kg1 Qd4+ 57.Kf1 Qf4+ 58.Kg1 Qg3+
59.Kh1 Qf3+ 60.Kg1  1/2-1/2

[Event "Bad Wildungen op"]
[Site "Bad Wildungen"]
[Date "1998.??.??"]
[Round "11"]
[White "Kleine, Matthias"]
[Black "Schuchardt, Guenter"]
[Result "1/2-1/2"]
[WhiteElo "2155"]
[BlackElo "2115"]

1.c4 Nf6 2.Nc3 c5 3.Nf3 b6 4.g3 Bb7 5.Bg2 e6 6.O-O a6 7.Re1 Qc7 8.e4 d6 9.b3 Be7
10.d4 cxd4 11.Qxd4 O-O  1/2-1/2

[Event "Bad Zwesten op"]
[Site "Bad Zwesten"]
[Date "1998.??.??"]
[Round "2"]
[White "Hoffmann, Ulrich"]
[Black "Majer, Damir"]
[Result "0-1"]
[WhiteElo "2030"]
[BlackElo "2285"]

1.Nf3 Nf6 2.c4 c5 3.Nc3 b6 4.g3 Bb7 5.Bg2 g6 6.O-O Bg7 7.d4 cxd4 8.Qxd4 d6
9.Rd1 Nbd7 10.Nd5 Rc8 11.Ng5 Ba6 12.Nb4 Rxc4 13.Qd2 Qc8 14.Nxa6 Qxa6 15.b3 Rc7
16.Bb2 O-O 17.Ne4 Rfc8 18.Nc3 Qa5 19.Nd5 Qxd2 20.Nxf6+ Bxf6 21.Rxd2 Bxb2
22.Rxb2 Rc1+ 23.Rxc1 Rxc1+ 24.Bf1 Nf6 25.e3 Nd5 26.Kg2 Nc3 27.Bd3 Kg7 28.a4 a5
29.Kf3 f5 30.h4 Kf6 31.Bc4 d5 32.Bd3 e5 33.Ba6 Rg1 34.Rc2 e4+ 35.Kf4 h6  0-1

[Event "Landesliga Sued 9899"]
[Site "Bayern"]
[Date "1998.??.??"]
[Round "?"]
[White "Fischer, Johann2"]
[Black "Link, Ulrich"]
[Result "0-1"]
[WhiteElo "2250"]
[BlackElo "2115"]

1.c4 c5 2.Nf3 Nf6 3.Nc3 e6 4.e4 Nc6 5.d3 d5 6.cxd5 exd5 7.Bg5 d4 8.Nd5 Qa5+
9.Bd2 Qd8 10.Bg5 Qa5+ 11.Bd2 Qd8 12.Nxf6+ Qxf6 13.Be2 Be7 14.O-O O-O 15.Ne1 Qd6
16.f4 f6 17.Kh1 Be6 18.f5 Bf7 19.Bf4 Qd8 20.Bh5 Bd6 21.Bxf7+ Rxf7 22.Qh5 Qc7
23.Bxd6 Qxd6 24.Rf3 Ne5 25.Rh3 h6 26.Qd1 Rd8 27.b3 b5 28.a4 a6 29.axb5 axb5
30.Ra5 Qc6 31.Rg3 c4 32.bxc4 bxc4 33.Ra4 cxd3 34.Nxd3 Qxe4  0-1

[Event "Oberliga Bayern9798"]
[Site "Bayern"]
[Date "1998.??.??"]
[Round "?"]
[White "Reis, Gerhard"]
[Black "Wockenfuss, Klaus"]
[Result "1/2-1/2"]
[WhiteElo "2180"]
[BlackElo "2335"]

1.Nf3 Nf6 2.c4 c5 3.Nc3 g6 4.g3 Bg7 5.Bg2 O-O 6.O-O Nc6 7.d4 cxd4 8.Nxd4 Ng4
9.Nc2 d6 10.Bd2 Nf6 11.Rc1 Be6 12.Nd5 Qd7 13.Bc3 Ne8  1/2-1/2

[Event "Regionalliga NW9798"]
[Site "Bayern"]
[Date "1998.??.??"]
[Round "?"]
[White "Lang, Stefan2"]
[Black "Bucka, Reinhard"]
[Result "1/2-1/2"]
[WhiteElo "2095"]
[BlackElo "2110"]

1.Nf3 Nf6 2.c4 c5 3.Nc3 g6 4.g3 Bg7 5.Bg2 O-O 6.O-O d5 7.cxd5 Nxd5 8.Nxd5 Qxd5
9.d3 Qd6 10.Rb1 Nc6 11.a3 Rb8 12.Nd2 b6 13.Ne4 Qc7 14.b4 cxb4 15.axb4 Nd4
16.e3 Nb5 17.Bb2 e5 18.Qa4 Bd7 19.Qa1 Rbe8 20.Rbc1 Qd8 21.Rfd1 Qe7 22.Nc3 Rc8
23.Nd5 Qd6 24.f4 f6 25.Qa6 Kh8 26.d4 exd4 27.Bxd4 Nxd4 28.exd4 Be6 29.Rxc8 Rxc8
30.Qb5 f5 31.h4 Rd8 32.Ne3 Bxd4 33.Kh1 Qd7 34.Bc6 Qc7 35.Nc2 Bf6 36.Re1 a6
37.Qa4 Bf7 38.Bg2 a5 39.bxa5 bxa5 40.Ne3 Qc3 41.Re2 Re8 42.Nd1 Qc8 43.Rxe8+ Qxe8
44.Qxa5 Qe2 45.Qa8+ Kg7 46.Qf3 Qe1+ 47.Kh2 Bd4 48.Qf1 Qd2 49.Kh3 h6 50.Bf3 Bb3
51.Qe2 Qb4 52.Ne3 Qc5 53.Nd1 Bc4 54.Qe8 Bb3 55.Qd7+ Bf7 56.Qc6  1/2-1/2